| 000 | 00924nam a2200253 a 4500 | ||
|---|---|---|---|
| 999 |
_c654 _d654 |
||
| 001 | 6941 | ||
| 003 | BD-DhUAP | ||
| 005 | 20200127100450.0 | ||
| 008 | 200126s2003 bg a b 001 0 eng d | ||
| 020 | _a9843209494 | ||
| 040 |
_aDLC _cBD-DhUAP _dBD-DhUAP _dBD-DhAAL _bEng |
||
| 082 | 0 | 0 |
_223 _a305.26095492 ELD |
| 245 | 0 | 4 |
_aThe elderly : _bcontemporary issues / _cedited by M. A. Sattar ... [et al.]. |
| 260 |
_aDhaka : _bBangladesh Association of Gerontology, _cc2003. |
||
| 300 |
_axxxiv, 244 pages : _billustrations ; _c22 cm. |
||
| 504 | _aIncludes bibliographical references and index. | ||
| 650 | 0 |
_aOlder people _zBangladesh _xSocial conditions. |
|
| 650 | 0 |
_aOlder people _zBangladesh _xEconomic conditions. |
|
| 650 | 0 |
_aOlder people _xHealth and hygiene _zBangladesh. |
|
| 700 | 1 | _aSattar, M. A. | |
| 710 | 2 | _aBangladesh Association of Gerontology. | |
| 942 |
_2ddc _cBK |
||